000 00531nam a2200193 a 4500
001 0348
005 20140414132014.0
008 040910s19uu xx 00 eng d
020 _a0-590-27363-9
050 _aTR
_bF87 1994
100 _aFranco, Betsy
245 _aFresh fall leaves /
_cwritten by Betsy Franco ; illustrated by Shari Halpern.
260 _aNew York :
_bScholastic,
_c1994.
300 _a16 p. : ill. ; cm.
650 _aLeaves
_xFiction.
650 _aChildren stories.
999 _c113337
_d113337